000 00606nam a22002297a 4500
001 87635
003 UA-OsUOA
005 20211109223519.0
007 ta
008 20120920b un ||||| |||| 00| 0 ukr d
040 _aUA-OsUOA
_brus
_cUA-OsUOA
_dUA-OsUOA
041 _arus
080 _a94(47+571)
090 _a94(47+571)
_bД28
245 _aДекреты Советской власти
260 _aМ.
_bПолитиздат
_c1986
300 _a428 с.
505 _gт. 12
_tДекабрь 1920 - январь 1921 гг.
650 7 _a94 Історія
_2UDC
942 _cBK
_2udc
955 _a1
999 _c373921
_d373921